[Event "Wuerttemberg-ch Seniors 15th"]
[Site "Ellwangen"]
[Date "2003.04.13"]
[Round "3"]
[White "Ambacher, Rolf"]
[Black "Kaldune, Helmut"]
[Result "1/2-1/2"]
[WhiteElo "1669"]
[BlackElo "1333"]
[PlyCount "60"]
[EventDate "2003.04.??"]
[EventType "swiss"]
[EventRounds "9"]
[EventCountry "GER"]
[SourceTitle "EXT 2006"]
[Source "ChessBase"]
[SourceDate "2005.11.24"]
[SourceVersion "1"]
[SourceVersionDate "2005.11.24"]
[SourceQuality "1"]

1. d4 d5 2. Nf3 Nf6 3. Bg5 e6 4. e3 Be7 5. Nbd2 Nbd7 6. Bd3 c5 7. c3 cxd4 8. cxd4 Nh5 9. Bxe7 Qxe7 10. Qc2 Nhf6 11. Rc1 0-0 12. 0-0 b6 13. e4 dxe4 14. Nxe4 Bb7 15. Rfe1 Rac8 16. Nxf6+ Nxf6 17. Qe2 Rxc1 18. Rxc1 Rc8 19. Rxc8+ Bxc8 20. Qc2 Qd7 21. Ne5 Qd8 22. Nc6 Qd7 23. Nxa7 Bb7 24. Nb5 g6 25. Qc7 Qd5 26. Qb8+ Kg7 27. f3 Ba6 28. Qxb6 Bxb5 29. Qxb5 Qxd4+ 30. Kf1 Nd5 1/2-1/2

[Event "Wuerttemberg-ch Seniors 15th"]
[Site "Ellwangen"]
[Date "2003.04.11"]
[Round "1"]
[White "Ambacher, Rolf"]
[Black "Krueger, Bernhard"]
[Result "1/2-1/2"]
[WhiteElo "1669"]
[BlackElo "1647"]
[PlyCount "65"]
[EventDate "2003.04.??"]
[EventType "swiss"]
[EventRounds "9"]
[EventCountry "GER"]
[SourceTitle "EXT 2006"]
[Source "ChessBase"]
[SourceDate "2005.11.24"]
[SourceVersion "1"]
[SourceVersionDate "2005.11.24"]
[SourceQuality "1"]

1. d4 Nf6 2. Nf3 g6 3. Bg5 Bg7 4. c3 0-0 5. Nbd2 d6 6. e4 b6 7. Bd3 Bb7 8. 0-0 Nbd7 9. Qe2 e5 10. Rad1 Re8 11. dxe5 dxe5 12. Nc4 Qc8 13. Rfe1 Nh5 14. Qd2 Nc5 15. Bc2 f6 16. Bh6 Bxh6 17. Qxh6 Qg4 18. Ne3 Qf4 19. Qxf4 Nxf4 20. Ng4 Kg7 21. b4 h5 22. Ngxe5 Nce6 23. Rd7+ Kg8 24. Nc4 Rad8 25. Rxd8 Rxd8 26. g3 Nh3+ 27. Kg2 Nhg5 28. Nxg5 Nxg5 29. h4 Nf7 30. f3 b5 31. Na5 Rd2+ 32. Kf1 Rxc2 33. Nxb7 1/2-1/2

[Event "Wuerttemberg-ch Seniors 14th"]
[Site "Ellwangen"]
[Date "2002.??.??"]
[Round "2"]
[White "Ambacher, Rolf"]
[Black "Johannsen, Ingbert"]
[Result "0-1"]
[WhiteElo "1655"]
[BlackElo "2002"]
[PlyCount "82"]
[EventDate "2002.03.30"]
[EventType "swiss"]
[EventRounds "9"]
[EventCountry "GER"]
[SourceTitle "EXT 2006"]
[Source "ChessBase"]
[SourceDate "2005.11.24"]
[SourceVersion "1"]
[SourceVersionDate "2005.11.24"]
[SourceQuality "1"]

1. d4 e6 2. Nf3 Nf6 3. Bg5 Be7 4. Nbd2 d5 5. e3 Nbd7 6. Bd3 c6 7. 0-0 0-0 8. c4 dxc4 9. Nxc4 Nd5 10. Bxe7 Qxe7 11. Rc1 Rd8 12. Bb1 f6 13. a3 Nf8 14. Qc2 Bd7 15. Rfe1 Be8 16. Ncd2 b6 17. Ba2 Rac8 18. Bxd5 exd5 19. Nh4 g6 20. Nf1 Bd7 21. Qe2 Qe4 22. Nf3 Bg4 23. N1d2 Qe7 24. h3 Be6 25. Rc3 Qb7 26. Rec1 Rc7 27. Nf1 Rdc8 28. Ng3 c5 29. dxc5 bxc5 30. Qc2 Nd7 31. b4 c4 32. Nd4 Bf7 33. Nge2 Ne5 34. Rd1 Qb6 35. e4 Nd3 36. exd5 Bxd5 37. Qd2 Re8 38. Rf1 Rce7 39. Rc2 Re4 40. Qc3 f5 41. f3 Rxe2 0-1